| 000 | 00366nam a22001337a 4500 | ||
|---|---|---|---|
| 020 | _a0-309-03802-2 | ||
| 082 |
_a625.8 _bNAT _cD |
||
| 245 | _aFactors Affecting Pavement Performance | ||
| 260 |
_aThe World Bank _bWashington D.C _c1984 |
||
| 300 |
_aiv, 79 p. : _bill. : _c10 Cm |
||
| 526 |
_a0 _b0 _c0 _d625_800000000000000_NAT |
||
| 650 |
_aMCE _9379 |
||
| 942 |
_2ddc _cBK |
||
| 999 |
_c547616 _d547616 |
||